Bisichi Mining Ltd v Bass Holdings Ltd (Record no. 70540)

MARC details
000 -LEADER
fixed length control field 01100cam a2200205 4500
001 - CONTROL NUMBER
control field ABS65636
008 - FIXED-LENGTH DATA ELEMENTS--GENERAL INFORMATION
fixed length control field 020620n2002 000 0 eng u
035 ## - SYSTEM CONTROL NUMBER
System control number (Sirsi) u118487
245 ## - TITLE STATEMENT
Title Bisichi Mining Ltd v Bass Holdings Ltd
260 ## - PUBLICATION, DISTRIBUTION, ETC.
Date of publication, distribution, etc. 2002
490 ## - SERIES STATEMENT
Series statement Estates Gazette Law Reports
Volume/sequential designation [2002] 18 EG 159, 159-161(3)
520 ## - SUMMARY, ETC.
Summary, etc. ChD 11 February 2002. By the rent review clause of the sublease between the parties, the lessor granted to the claimant ' the remainder of a term of 125 years from 21 December 1960. The "redendum" provided for the rents payable during the first and second 40 years of the term. The issue that arose was in establishing the date of the first rent review and the identification of the 'said term'. At arbitration, it was found that the said term commenced on 21 December 2002. The appellant appealed. "Held" the appeal was allowed.
590 ## - LOCAL NOTE (RLIN)
Local note ABS
650 ## - SUBJECT ADDED ENTRY--TOPICAL TERM
Topical term or geographic name entry element BISICHI MINING LTD V BASS HOLDINGS LTD
650 ## - SUBJECT ADDED ENTRY--TOPICAL TERM
Topical term or geographic name entry element RENT REVIEWS
650 ## - SUBJECT ADDED ENTRY--TOPICAL TERM
Topical term or geographic name entry element COMMENCEMENT DATES
650 ## - SUBJECT ADDED ENTRY--TOPICAL TERM
Topical term or geographic name entry element UNDERLEASES
690 ## - LOCAL SUBJECT ADDED ENTRY--TOPICAL TERM (OCLC, RLIN)
Topical term or geographic name as entry element LANDLORD AND TENANT-RENT REVIEWS-CASE LAW
942 ## - ADDED ENTRY ELEMENTS (KOHA)
Suppress in OPAC 0
Holdings
Withdrawn status Lost status Source of classification or shelving scheme Damaged status Not for loan Home library Current library Shelving location Date acquired Total Checkouts Full call number Barcode Date last seen Copy number Price effective from Koha item type
    Dewey Decimal Classification     London London Journal article 20/06/2002   ABS65636 118487-1001 06/08/2019 1 06/08/2019 Law report